<?xml version="1.0" encoding="UTF-8"?>
<collection xmlns="http://www.loc.gov/MARC21/slim">
 <record>
  <leader>02243caa a2200421 c 4500</leader>
  <controlfield tag="001">1860720900</controlfield>
  <controlfield tag="003">DE-627</controlfield>
  <controlfield tag="005">20240306133734.0</controlfield>
  <controlfield tag="007">cr cn 008aaaaa</controlfield>
  <controlfield tag="008">231004s1996    xx |||||oo    00| ||ger c</controlfield>
  <datafield tag="024" ind1="7" ind2=" ">
   <subfield code="a">10.11588/kc.1996.1.98979</subfield>
   <subfield code="2">doi</subfield>
  </datafield>
  <datafield tag="035" ind1=" " ind2=" ">
   <subfield code="a">(DE-627)1860720900</subfield>
  </datafield>
  <datafield tag="035" ind1=" " ind2=" ">
   <subfield code="a">(DE-599)KXP1860720900</subfield>
  </datafield>
  <datafield tag="035" ind1=" " ind2=" ">
   <subfield code="a">(OCoLC)1425125064</subfield>
  </datafield>
  <datafield tag="040" ind1=" " ind2=" ">
   <subfield code="a">DE-627</subfield>
   <subfield code="b">ger</subfield>
   <subfield code="c">DE-627</subfield>
   <subfield code="e">rda</subfield>
  </datafield>
  <datafield tag="041" ind1=" " ind2=" ">
   <subfield code="a">ger</subfield>
  </datafield>
  <datafield tag="084" ind1=" " ind2=" ">
   <subfield code="a">KUNST</subfield>
   <subfield code="q">DE-16</subfield>
   <subfield code="2">fid</subfield>
  </datafield>
  <datafield tag="100" ind1="1" ind2=" ">
   <subfield code="a">Röll, Johannes</subfield>
   <subfield code="e">VerfasserIn</subfield>
   <subfield code="0">(DE-588)143225561</subfield>
   <subfield code="0">(DE-627)704426307</subfield>
   <subfield code="0">(DE-576)335733700</subfield>
   <subfield code="4">aut</subfield>
  </datafield>
  <datafield tag="245" ind1="1" ind2="0">
   <subfield code="a">[Rezension von: Joaquin Yarza Luaces, Los Reyes Católicos / Rafael Dominguez Casas, Arte y etiqueta de los Reyes Católicos]</subfield>
   <subfield code="c">Johannes Röll</subfield>
  </datafield>
  <datafield tag="264" ind1=" " ind2="1">
   <subfield code="c">1996</subfield>
  </datafield>
  <datafield tag="300" ind1=" " ind2=" ">
   <subfield code="b">Illustration</subfield>
  </datafield>
  <datafield tag="336" ind1=" " ind2=" ">
   <subfield code="a">Text</subfield>
   <subfield code="b">txt</subfield>
   <subfield code="2">rdacontent</subfield>
  </datafield>
  <datafield tag="337" ind1=" " ind2=" ">
   <subfield code="a">Computermedien</subfield>
   <subfield code="b">c</subfield>
   <subfield code="2">rdamedia</subfield>
  </datafield>
  <datafield tag="338" ind1=" " ind2=" ">
   <subfield code="a">Online-Ressource</subfield>
   <subfield code="b">cr</subfield>
   <subfield code="2">rdacarrier</subfield>
  </datafield>
  <datafield tag="500" ind1=" " ind2=" ">
   <subfield code="a">Elektronische Reproduktion der Druckausgabe</subfield>
  </datafield>
  <datafield tag="533" ind1=" " ind2=" ">
   <subfield code="a">Online-Ausgabe</subfield>
   <subfield code="b">Heidelberg</subfield>
   <subfield code="c">arthistoricum.net</subfield>
   <subfield code="d">2023</subfield>
   <subfield code="7">|2023||||||||||</subfield>
  </datafield>
  <datafield tag="655" ind1=" " ind2="7">
   <subfield code="a">Rezension</subfield>
   <subfield code="0">(DE-588)4049712-4</subfield>
   <subfield code="0">(DE-627)106186019</subfield>
   <subfield code="0">(DE-576)209083166</subfield>
   <subfield code="2">gnd-content</subfield>
  </datafield>
  <datafield tag="773" ind1="0" ind2="8">
   <subfield code="i">Enthalten in</subfield>
   <subfield code="t">Kunstchronik</subfield>
   <subfield code="d">Heidelberg : Universitätsbibliothek Heidelberg, 2019</subfield>
   <subfield code="g">49(1996), 1</subfield>
   <subfield code="h">Online-Ressource</subfield>
   <subfield code="w">(DE-627)1670038009</subfield>
   <subfield code="w">(DE-600)2979370-1</subfield>
   <subfield code="x">2510-7534</subfield>
   <subfield code="7">nnas</subfield>
  </datafield>
  <datafield tag="773" ind1="1" ind2="8">
   <subfield code="g">volume:49</subfield>
   <subfield code="g">year:1996</subfield>
   <subfield code="g">number:1</subfield>
  </datafield>
  <datafield tag="787" ind1="0" ind2="8">
   <subfield code="i">Rezension von</subfield>
   <subfield code="a">Yarza, Joaquín, 1936 - 2016</subfield>
   <subfield code="t">Los Reyes Católicos</subfield>
   <subfield code="d">Madrid : Nerea, 1993</subfield>
   <subfield code="h">430 S.</subfield>
   <subfield code="w">(DE-627)1628322942</subfield>
   <subfield code="w">(DE-576)041882512</subfield>
   <subfield code="z">8486763797</subfield>
  </datafield>
  <datafield tag="787" ind1="0" ind2="8">
   <subfield code="i">Rezension von</subfield>
   <subfield code="a">Dominguez Casas, Rafael</subfield>
   <subfield code="t">Arte y etiqueta de los reyes catolicos</subfield>
   <subfield code="d">Madrid : Ed. Alpuerto, 1993</subfield>
   <subfield code="h">721 S.</subfield>
   <subfield code="w">(DE-627)1631254642</subfield>
   <subfield code="w">(DE-576)042651654</subfield>
   <subfield code="z">8438101925</subfield>
  </datafield>
  <datafield tag="856" ind1="4" ind2="0">
   <subfield code="u">https://doi.org/10.11588/kc.1996.1.98979</subfield>
   <subfield code="x">Verlag</subfield>
   <subfield code="x">Resolving-System</subfield>
   <subfield code="z">kostenfrei</subfield>
   <subfield code="3">Volltext</subfield>
   <subfield code="7">0</subfield>
  </datafield>
  <datafield tag="856" ind1="4" ind2="0">
   <subfield code="u">https://journals.ub.uni-heidelberg.de/index.php/kchronik/article/view/98979</subfield>
   <subfield code="x">Verlag</subfield>
   <subfield code="z">kostenfrei</subfield>
   <subfield code="3">Volltext</subfield>
   <subfield code="7">0</subfield>
  </datafield>
  <datafield tag="951" ind1=" " ind2=" ">
   <subfield code="a">AR</subfield>
  </datafield>
  <datafield tag="994" ind1=" " ind2=" ">
   <subfield code="u">https://ahnp.ub.uni-heidelberg.de/journals/kchronik/article/view/98979/93837</subfield>
  </datafield>
  <datafield tag="994" ind1=" " ind2=" ">
   <subfield code="u">https://ahnp.ub.uni-heidelberg.de/journals/kchronik/article/view/98979/93837</subfield>
  </datafield>
  <datafield tag="991" ind1=" " ind2=" ">
   <subfield code="a">Rezension (Monographie, Zeitschrift, Aufsatz)</subfield>
  </datafield>
  <datafield tag="999" ind1=" " ind2=" ">
   <subfield code="a">KXP-PPN1860720900</subfield>
   <subfield code="e">4921483949</subfield>
  </datafield>
 </record>
</collection>
